A-Z Marvel supervillains - Statistics

General Stats
  • This quiz has been taken 235 times
  • The average score is 14 of 26
Answer Stats
Hint Answer % Correct
Eddie Brock Venom
85%
Victor Von Doom Doctor Doom
83%
Otto Octavius Doctor Octopus
82%
Pietro Maximoff Quicksilver
80%
Devourer of worlds Galactus
74%
Cletus Kasady Carnage
68%
Erik Lensherr Magneto
64%
Emil Blonsky Abomination
62%
Curt Connors Lizard
62%
Frank Castle Punisher
62%
Max Dillon Electro
60%
The Sub-marina Namor
57%
Villain created by Hank Pym in the comics Ultron
57%
Harry Osborne Hobgoblin
51%
Obadiah Stane Iron Monger
51%
Darren Cross Yellowjacket
50%
Anton Vanko Whiplash
47%
White Queen Emma Frost
45%
Cain Marko Juggernaut
45%
Victor Creed Sabretooth
44%
Fred Dukes Blob
34%
Cyborg clone of Thor Ragnarok
28%
Nathaniel Richards Kang
25%
Anthony Masters Taskmaster
25%
Thomas Moreau Zealot
9%
Carl Denti X-Cutioner
8%
No matching quizzes found
Score Distribution
Percent of People with Each Score
Percentile by Number Answered
Your Score History
You have not taken this quiz